MDQL
is popping MORE tags! Check the
thread
!
Quizzes
Events
Quiz Creation
Community
Videos
Private Events
Remove Ads
Sign In
Join for FREE
Feedback
Dark Mode
Quiz Categories
Sports
Geography
Music
Movies
Television
Just For Fun
Miscellaneous
History
Literature
Language
Science
Gaming
Entertainment
Religion
Holiday
For Kids
Quiz Lab
Recent
Popular Today
Quiz Kudos Today
Editor Picks
Curator Picks
Quizzes by...
Day
Popularity
Type
Ratings
Length
Year
Community
Subscriptions
Recent Discussions
Orange Saloon
Badges
Playlists
Quests
Create
Leaderboards
Showdown
Live 5
Trivia Bingo
Activity
Puzzle Library
Sporcle Events
Private Events
Virtual Trivia
Globe League
Become a Host
Pub Owners
SporcleCon
Opinionation
Our Games
Videos
Blog
Mobile Apps
Partnerships
Remove Ads and Go Orange
Feedback
Music
Pop Music
The Beatles
Song
Album
Lyrics
Bands
Singers
Artist
Clip
Rock
Rap
Classical
Billboard
Country Music
Kpop
Taylor Swift
Music
Pop Music
The Beatles
Song
Album
Lyrics
Bands
Singers
Artist
Clip
Rock
Rap
Classical
Billboard
Country Music
Kpop
Taylor Swift
Random Quiz
Search Sporcle
×
Quiz Lab
Quiz Lab
Music
Artist
Type in answers that appear in a list
Type in answers that appear in a list
Classic
Best Score? Go Orange.
MTV Top 70 Of The 1990s (1998) Stats
Can you name the videos ranked on MTV's Top 70 of the 90s, as determined Memorial Day weekend 1998?
By
DandyWarhol
13m
70 Questions
144 Plays
144 Plays
144 Plays
Comments
Comments
Give Quiz Kudos
Give Quiz Kudos
-
- Ratings
hide this ad
Replay
Link that replays current quiz
Next Quiz
Link to next quiz in quiz playlist
You Got
0%
They Got
Avg Score
67%
Avg Friend Score
Upgrade to see
Score Distribution
Jump to the score distribution portion of the page
Score
0/70
Timer
13:00
0
Plays Today
Rank
Video
% Correct
25
One
91.7%
1
Smells Like Teen Spirit
91.7%
5
Enter Sandman
88.2%
43
Wannabe
87.5%
9
Ironic
87.5%
13
Jeremy
86.8%
15
Losing My Religion
86.1%
48
Loser
84.7%
31
Waterfalls
82.6%
3
November Rain
82.6%
63
U Can't Touch This
81.9%
21
Don't Speak
81.9%
44
I Will Always Love You
81.3%
56
Tubthumping
80.6%
7
Under The Bridge
80.6%
65
Buddy Holly
79.9%
6
I'll Be Missing You
79.9%
50
Gangsta's Paradise
78.5%
55
Black Hole Sun
77.8%
42
Basket Case
77.8%
28
My Heart Will Go On
77.1%
27
California Love
77.1%
12
Vogue
77.1%
57
Tears In Heaven
76.4%
39
No Rain
76.4%
58
I Believe I Can Fly
75.7%
40
1979
75.7%
37
You Oughta Know
73.6%
14
Mo' Money Mo' Problems
73.6%
10
Closer
72.9%
4
Sabotage
71.5%
18
I'll Make Love To You
70.8%
17
Tonight, Tonight
70.8%
66
Fly
70.1%
62
Criminal
70.1%
Rank
Video
% Correct
38
End Of The Road
69.4%
24
One Sweet Day
68.8%
11
Men In Black
68.8%
8
Cryin'
68.8%
59
Alive
68.1%
53
Only Wanna Be With You
68.1%
41
Gin & Juice
67.4%
68
Are You Gonna Go My Way
66.7%
23
One Headlight
66%
64
Plush
65.3%
35
Glycerine
64.6%
30
Come As You Are
64.6%
51
Lightning Crashes
63.9%
32
Give It Away
63.9%
45
Spiderwebs
63.2%
26
Interstate Love Song
62.5%
16
Nuthin' But A G Thang
61.8%
29
Crash Into Me
60.4%
47
Fantasy
59%
2
Hypnotize
59%
67
Been Caught Stealing
57.6%
19
You Were Meant For Me
56.3%
22
Right Now
55.6%
70
Mysterious Ways
54.2%
33
The Unforgiven
53.5%
46
Amazing
52.8%
60
Dear Mama
47.2%
20
Janie's Got A Gun
45.8%
34
That's The Way Love Goes
44.4%
49
Don't Cry
36.1%
52
Love Will Never Do Without You
35.4%
61
Home Sweet Home
34.7%
54
Doin' It
30.6%
69
Triumph
25.7%
36
Been Around The World
25.7%
Quiz Playlist
Details
Report
Send in Message
Add To Playlist
Classic:
Type in answers that appear in a list
Quiz Source
Last Updated: Feb 16, 2017
Quiz Scoreboard
CHALLENGE
Sign Up to Join the Scoreboard
Show All
Scores
Hide
Comments
May contain spoilers
Recently Published
Image Sorting: Flags VI
by Barbecue
Geography
2m
Find the 'City' Movie
by crazypaving
Movies
60s
Colored Red Africa Blitz
by spor1
Geography
45s
More to Explore
Quiz From the Vault
Featured Blog Post
14 Easter Pick-up Lines to Find Eggs With
hide this ad
You Might Also Like...
Tags
Artist Quiz
1990
1998
Determined
memorial
MTV
Top 70
Video
Weekend
Today's Top Quizzes in Music
Browse Music
hide this ad
Today's Top Quizzes in Artist
Browse Artist
Top Contributed Quizzes in Music
1
5X2 Blitz: Bands II
2
5X2 Blitz: The Beatles
3
Taylor Swift All Songs (2024)
4
5X2 Blitz: Billboard
5
5X2 Blitz: Billboard II
6
5X2 Blitz: Album
7
5X2 Blitz: Rock
8
5X2 Blitz: Singers
9
Taylor Swift Logic Puzzle II
10
5X2 Blitz: Lyrics
Explore More
Trending Topics
Disney
Harry Potter
Anime
Crossword
Kpop
Marvel
NBA
The Office
Soccer
Pokémon
Puzzle
Country
WWE
Song
NFL
hide this ad
More By:
DandyWarhol
Quiz
Plays
Rating
Category
Featured
Created
Top Home Run Hitters of All-Time
167,258
4.65
Sports
Jan 2, 2010
MTV Top 500
53,595
4.38
Music
Nov 12, 2011
MTV's 100 Greatest Videos
1,111
3.33
Music
Oct 1, 2009
MTV Top 99 of 1999
760
2.67
Music
Oct 14, 2009
Famous Twilight Zone Guest Stars
671
4.38
Television
Nov 9, 2009
Go to Creator's Profile
Score Distribution
Quiz Creator Spotlight
DandyWarhol
Follow
Send a Message
Quizzes Created
-
Created Quiz Play Count
-
More By This Creator
Popular Quizzes Today
1
Colored Red Africa Blitz
2
Find the US States - No Outlines Minefield
3
Find the 'City' Movie
4
5x2 Blitz: Bands
5
The Countries of the World
6
Find the US States
7
Find the Countries of Europe - No Outlines Minefield
8
US States
More Music Quizzes
Quick Pick: Drake #1 Hits
Curator's Pick
Trending Quizzes
Colored Red Europe Blitz I
Colored Red Europe Blitz II
Colored Red Africa Blitz II
Colored Red Europe Blitz III
Colored Red Africa Blitz III
Recently Updated
How Do You Spell That?
pecheneg
Godzilla Movies
pecheneg
Grab Bag: 4-10 Letters
pecheneg
2024 March Madness Bracket
pecheneg
Famous TV Couples
Peacemaker
Champions League XIs: Real Madrid
pecheneg
Largest US Cities 1790-2010
pecheneg
Rides in Walt Disney World
pecheneg
Most Oscar Losses (Acting)
pecheneg
Beyoncé Albums
pecheneg
Trending Topics
Harry Potter
Kpop
Marvel
Disney
Anime
Crossword
NBA
NFL
Song
Pokémon
Puzzle
The Office
WWE
Country
Soccer
Your Account Isn't Verified!
In order to create a playlist on Sporcle, you need to verify the email address you used during registration. Go to your
Sporcle Settings
to finish the process.
Report this User
Report this user for behavior that violates our
Community Guidelines
.
Details:
Send Report
Go to the Sporcle.com Mobile Site →
Comments